| 000 | 01396cam a22003977a 4500 | ||
|---|---|---|---|
| 003 | CHAP | ||
| 005 | 20220817041023.0 | ||
| 008 | 971013s1991 r 00010 d | ||
| 010 | _a4718 | ||
| 011 | _a5690 | ||
| 035 | _a4905 | ||
| 040 | _cCHAP | ||
| 090 | _aFolleto 12672 | ||
| 100 | 0 | 0 |
_aCervantes Santana, Tarcicio. _921620 |
| 245 | 0 | _aAvances de la selección de abejas africanas en Cárdenas, Tab. | |
| 260 |
_aMéxico, D. F. : _bFideicomisos Instituidos en Relación con la Agricultura, _c1991 |
||
| 300 |
_app. 23-43 _b: ilus. ; grafs. |
||
| 410 | _aFIRA | ||
| 490 | 0 |
_aBoletin informativo _v; 23 (225) |
|
| 501 | _aEnc. con otros impresos similares | ||
| 590 |
_aBATCH-UPD _b10 _c20130110 _lUCH01 _h0225 |
||
| 590 |
_aBATCH-UPD _b10 _c20130110 _lUCH01 _h1314 |
||
| 590 |
_aBATCH-UPD _b10 _c20130410 _lUCH01 _h0826 |
||
| 590 |
_aCONVERSION _b10 _c20130109 _lUCH01 _h1304 |
||
| 650 | 1 | 4 |
_aAbejas africanas. _9194 |
| 650 | 1 | 4 |
_aAbejas _xGenetica. _9187 |
| 810 |
_aFIRA _941029 |
||
| 830 | 0 |
_aBoletin informativo _v; 23 (225) |
|
| 901 | _aBK | ||
| 942 | _cFOLL | ||
| 949 |
_aFolleto 12672 _bBC _cFOLL _d-14469 _eTS1 _i4905 _si |
||
| 949 |
_aFolleto 12672 _bBC _cFOLL _d-74686 _eTS2 _fc.2 _i4905 _si |
||
| 949 |
_aFolleto 12672 _bBC _cFOLL _d-74687 _eTS2 _fc.3 _i4905 _si |
||
| 949 |
_aFolleto 12672 _bBC _cFOLL _d-74688 _eTS2 _fc.4 _i4905 _si |
||
| 949 |
_aFolleto 12672 _bBC _cFOLL _d-74689 _eTS2 _fc.5 _i4905 _si |
||
| 999 |
_c4718 _d4718 |
||